书目信息 |
| 题名: |
矿业权交易适用法律文书示范文本与法律依据
|
|
| 作者: | 魏铁军 , 邹谢华 编著 | |
| 分册: | ||
| 出版信息: | 北京 中国法制出版社 2015 |
|
| 页数: | 331页 | |
| 开本: | 25cm | |
| 丛书名: | ||
| 单 册: | ||
| 中图分类: | D922.624 | |
| 科图分类: | ||
| 主题词: | 矿产权--Kuang Chan Quan--市场交易--法律文书--中国 | |
| 电子资源: | ||
| ISBN: | 978-7-5093-6002-6 | |
| 000 | 00946nam0 22002531 450 | |
| 001 | 350869 | |
| 005 | 20161011151708.51 | |
| 010 | @a978-7-5093-6002-6@dCNY78.00 | |
| 100 | @a20150625d2015 em y0chiy50 ea | |
| 101 | 0 | @achi |
| 102 | @aCN@b110000 | |
| 105 | @ay z 000yy | |
| 106 | @ar | |
| 200 | 1 | @a矿业权交易适用法律文书示范文本与法律依据@AKuang Ye Quan Jiao Yi Shi Yong Fa Lv Wen Shu Shi Fan Wen Ben Yu Fa Lv Yi Ju@f魏铁军,邹谢华等编著 |
| 210 | @a北京@c中国法制出版社@d2015 | |
| 215 | @a331页@d25cm | |
| 304 | @a编著者还有:郭威、姜磊、胡斌华、王德杰、胡德胜等 | |
| 330 | @a本书分为两部分,分别为:国内矿业权交易适用法律文书示范文本、国际矿业权交易适用法律文书示范文本。 | |
| 606 | 0 | @a矿产权@AKuang Chan Quan@x市场交易@x法律文书@y中国 |
| 690 | @aD922.624@v5 | |
| 701 | 0 | @a魏铁军@AWei Tie Jun@c(矿产资源)@4编著 |
| 701 | 0 | @a邹谢华@AZou Xie Hua@4编著 |
| 801 | 0 | @aCN@bTANGWEI@c20160808 |
| 905 | @b0892187-90@dD922.624@e1411@f4 | |
| 矿业权交易适用法律文书示范文本与法律依据/魏铁军,邹谢华等编著.-北京:中国法制出版社,2015 |
| 331页;25cm |
| ISBN 978-7-5093-6002-6:CNY78.00 |
| 本书分为两部分,分别为:国内矿业权交易适用法律文书示范文本、国际矿业权交易适用法律文书示范文本。 |
| ● |
| 相关链接 |
|
|
|
|
正题名:矿业权交易适用法律文书示范文本与法律依据
索取号:D922.624/1411
 
预约/预借
| 序号 | 登录号 | 条形码 | 馆藏地/架位号 | 状态 | 备注 |
| 1 | 0892187 | 208921871 | 第一样本阅览室/ [索取号:D922.624/1411] | 在馆 | |
| 2 | 0892188 | 208921880 | 密集书库-史法系/ [索取号:D922.624/1411] | 在馆 | |
| 3 | 0892189 | 208921899 | 第一借阅区/ [索取号:D922.624/1411] | 在馆 | |
| 4 | 0892190 | 208921906 | 第一借阅区/ [索取号:D922.624/1411] | 在馆 |